书目信息 |
| 题名: |
女性更年期
|
|
| 作者: | 戴淑凤 编著 | |
| 分册: | ||
| 出版信息: | 北京 中国环境科学出版社 1996.04 |
|
| 页数: | 158页 | |
| 开本: | 32开 | |
| 丛书名: | ||
| 单 册: | ||
| 中图分类: | R167 | |
| 科图分类: | ||
| 主题词: | 个人卫生 | |
| 电子资源: | ||
| ISBN: | 7-80093-905-7 | |
| 000 | 00546nam0 2200193 45 | |
| 001 | 0103201015 | |
| 005 | 20010320104438.3 | |
| 010 | @a7-80093-905-7@d6.60元 | |
| 100 | @a20010320d1996 km y0chiy0120 ea | |
| 101 | 0 | @achi |
| 105 | @a z 000yy | |
| 200 | 1 | @a女性更年期@ANu Xing Geng Nian Qi@f戴淑凤等编著@FDai Shu Feng Deng Bian Zhu |
| 210 | @a北京@c中国环境科学出版社@d1996.04 | |
| 215 | @a158页@d32开 | |
| 606 | 0 | @a个人卫生 |
| 690 | @aR167@v3 | |
| 701 | 0 | @a戴淑凤@4编著 |
| 801 | @aCN@bPftUser@c20010320 | |
| 905 | @b330696-698@dR167@eD253@f3 | |
| 女性更年期/戴淑凤等编著.-北京:中国环境科学出版社,1996.04 |
| 158页;32开 |
| ISBN 7-80093-905-7:6.60元 |
| ● |
| 相关链接 |
|
|
|
正题名:女性更年期
索取号:R167/D253
 
预约/预借
| 序号 | 登录号 | 条形码 | 馆藏地/架位号 | 状态 | 备注 |
| 1 | 330696 | 203306966 | 自科库401/ [索取号:R167/D253] | 在馆 | |
| 2 | 330697 | 203306975 | 自科库401/401自科库 7排3列3层/ [索取号:R167/D253] | 在馆 | |
| 3 | 330698 | 203306984 | 自科库401/401自科库 7排1列1层/ [索取号:R167/D253] | 在馆 |